The United Kingdom´s Withdrawal from the European Union and its Possible Consequences for the United Kingdom and other countries bakalárska práca

Saved in:
Bibliographic Details
Main Author: Hupková, Michaela
Corporate Author: Fakulta aplikovaných jazykov EU v Bratislave. Katedra interkultúrnej komunikácie
Other Authors: Hrivíková, Tatiana, 1959-
Format: Book
Language:English
Published: Bratislava 2018
Tags: Add Tag
No Tags, Be the first to tag this record!

MARC

LEADER 00000nbm a2200000 4500
001 0243982
005 20180913144638.3
041 0 |a eng 
044 |a SK 
245 1 0 |a The United Kingdom´s Withdrawal from the European Union and its Possible Consequences for the United Kingdom and other countries  |b bakalárska práca  |c Michaela Hupková ; školiteľ: Tatiana Hrivíková 
264 1 |a Bratislava  |c 2018 
300 |a 63 s. 
100 1 |a Hupková, Michaela 
700 1 |a Hrivíková, Tatiana, 1959- 
710 2 |a Fakulta aplikovaných jazykov EU v Bratislave. Katedra interkultúrnej komunikácie